Dzień w historii – kwiecień - Statystyki

Ogólne statystyki
  • Ten quiz został rozwiązany 1 095 razy
  • Średni wynik to 18 z 30
Statystyki odpowiedzi
Data Rok Wskazówka Odpowiedź % Poprawnych
2 Kwi 2005 O godzinie 21:37 umiera ten jedyny w historii papież z Polski Jan Paweł II
99%
10 Kwi 2010 Prezydent Lech Kaczyński wraz z pozostałymi ludźmi na pokładzieTu-154 ginie w wyniku katastrofy lotniczej w tym mieście Smoleńsk
88%
18 Kwi 1025 Ten polski władca jako pierwszy zostaje koronowany na króla Bolesław I Chrobry
85%
14 Kwi 966 Według tradycji Mieszko przyjmuje ten sakrament razem z samą Polską Chrzest
85%
15 Kwi 1912 Ten statek tonie w północnym Atlantyku RMS Titanic
85%
20 Kwi 1889 Mają miejsce narodziny tego zbrodniczego Austriaka Adolf Hitler
82%
21 Kwi 753 p.n.e. To miasto zostaje według legendy założone przez braci-bliźniaków Rzym
82%
4 Kwi 1794 Tadeusz Kościuszko pokonuje rosyjskie wojsko w tej bitwie, której panoramę możemy dziś podziwiać we Wrocławiu Bitwa pod {Racławicami}
80%
26 Kwi 1986 Elektrownia jądrowa w tym mieście ulega katastrofie Czarnobyl
80%
3 Kwi 1927 Wystartowały pierwsze polskie rozgrywki na szczeblu krajowym w tej dyscyplinie sportowej Piłka nożna
80%
7 Kwi 1906 Neapol zostaje zniszczony w wyniku erupcji tego wulkanu Wezuwiusz
78%
1 Kwi 1976 To przedsiębiorstwo zostaje założone przez Jobsa, Wozniaka, and Wayne'a Apple
77%
11 Kwi 1814 Następuje abdykacja tego francuskiego lidera Napoleon Bonaparte
75%
27 Kwi 711 Maurowie rozpoczynają inwazję na ten europejski półwysep Półwysep {Iberyjski}
68%
25 Kwi 404 p.n.e. To państwo-miasto wygrywa wojnę peloponeską i doprowadza do kapitulacji Aten Sparta
67%
29 Kwi 1924 Złoty staje się walutą Polski, zastępując ten obowiązujący wcześniej pieniądz Marka polska
62%
22 Kwi 1970 To święto związane z ochroną środowiska jest obchodzone po raz pierwszy Dzień Ziemi
61%
17 Kwi 1961 Rozpoczyna się Inwazja w Zatoce Świń na terenie tego państwa Kuba
60%
5 Kwi 1722 Jacob Roggeveen odkrył na Pacyfiku tę wyspę, która dziś jest częścią Chile Wyspa {Wielkanocna}
60%
9 Kwi 1241 Armia tego ludu stepowego ledwo pokonuje polską armię pod Legnicą Mongołowie
53%
12 Kwi 1861 Rozpoczyna się bitwa o Fort Sumter rozpoczynająca tę wojnę Wojna secesyjna
52%
23 Kwi 997 Męczeńską śmierć ponosi biskup Wojciech podczas misji nawrócenia tego ludu pogańskiego Prusowie
48%
13 Kwi 1204 Krzyżowcy zajmują to chrześcijańskie miasto, doprowadzając do powstania Cesarstwa Łacińskiego Konstantynopol
45%
30 Kwi 1803 Terytorium USA zostaje niemal podwojone po zakupie od Francji tego terytorium Luizjana
45%
24 Kwi 1885 Jan Mikulicz-Radecki przeprowadza pierwszą na świecie operację zszycia pękniętego wrzodu tego narządu Żołądek
44%
19 Kwi 2005 Sejm RP uznał rzeź turecką na tej grupie etnicznej za ludobójstwo Ormianie
41%
16 Kwi 1943 Albert Hofmann przypadkowo odkrywa psychoaktywne właściwości tej substancji LSD
32%
28 Kwi 1945 Ten były premier zostaje rozstrzelany przez komunistów(podpowiedź: nie był polski) Benito Mussolini
12%
8 Kwi 1904 Podpisany zostaje ten traktat pomiędzy Francją i Wielką Brytanią, będący kolejnym krokiem na drodze do powstania sojuszu ententy Entente cordiale
12%
6 Kwi 1654 Król Jan Kazimierz podpisał dekret będący jednym z aktów tego ruchu przeciwko innowierocm w Polsce Kontrreformacja
11%
Nie znaleziono quizów pasujących do podanych kryteriów
Rozkład punktacji
Procent ludzi z każdym wynikiem
Percentyl według liczby udzielonych odpowiedzi
Twoja historia wyników
Nie rozwiązałeś tego quizu